00360nam a2200145Ia 4500008004100000020001500041041001200056082001100068100001700079245004600096250000800142260004900150300000800199650000700207221030s9999 xx 000 0 und d a8122430905 aEnglish a105.23 aC. L. Wadhwa 0aHigh Voltage Engineeringcby C. L. Wadhwa a3rd bNew Age International Pub.aNew Delhic2010 a291 aEE